| 000 | 01025nam a2200337 i 4500 | ||
|---|---|---|---|
| 001 | 724 | ||
| 003 | KOSZ 005 | ||
| 005 | 20191024074224.0 | ||
| 008 | 000426s1978 pl a |000 0 pol | ||
| 015 | _aPB 1979/1575 | ||
| 035 | _a(OCoLC)749535096 | ||
| 040 |
_aWA N _cWA N _dKOSZ 005/EG |
||
| 041 | 0 | _apol | |
| 046 | _k1961 | ||
| 080 | _a624.15 | ||
| 080 | _a(075.8) | ||
| 100 | 1 |
_aRossiński, Bolesław _d(1903-1995) _eAutor |
|
| 245 | 1 | 0 |
_aFundamentowanie / _cBolesław Rossiński. |
| 250 | _aWyd. 3 uaktual. | ||
| 260 |
_aWarszawa : _b"Arkady", _c1978. |
||
| 300 |
_a431, [1] s. : _bil., wykr., err. ; _c25 cm. |
||
| 380 | _aKsiążki. | ||
| 504 | _aBibliogr. przy rozdz. | ||
| 658 | _aArchitektura i budownictwo | ||
| 658 | _aInżynieria i technika | ||
| 655 | 4 | _aPodręczniki akademickie | |
| 650 | 4 | _aFundamenty | |
| 710 | 2 |
_aWydawnictwo "Arkady". _4pbl. |
|
| 856 |
_uhttp://koha.tu.koszalin.pl/cgi-bin/koha/opac-detail.pl?biblionumber=724 _yKatalog online BPK |
||
| 942 |
_2UKD _cKS |
||
| 999 |
_c724 _d724 |
||